000 00682nam a2200289Ia 4500
005 20260324133839.0
008 008 260324s9999 xx 000 0 eng d
020 _a9780203045794
037 _aEBOOK
040 _aCRL
040 _beng
040 _cCRL
041 _2eng
041 _aeng
084 _qCRL
100 _aMhinder Bhopal; Michael Hitchcock
_91194619
245 0 _aASEAN Business in Crisis
245 0 _bContext and Culture
260 _bTaylor and Francis
260 _c2002
365 _a
365 _b300
856 _uhttp://www.taylorfrancis.com/books/9780203045794
942 _cEBOOK
999 _c1794090
_d1794090